01327nam a22003257a 4500003000400000005001700004008004100021040002200062082001500084100003800099245001500137260006100152300002000213366000800233490002400241505001400265505003600279505018300315505010400498505002900602505001100631505005300642650004700695650004600742650004300788650004300831650004700874650004400921700003600965OSt20230608102211.0221006b |||||||| |||| 00| 0 eng d cBiblioteca Lado V a800bC823f aCorrales Arias, Adrianoedirector aFronteras/ aInstituto Tecnológico de Costa Rica c2003bCosta Rica c21.5x31cma60p. espa a12v2003x1409-0236 tEDITORIAL tTertuliaaEntrevista a Ray Tico tReflexionesaEl héroe nacional costarricense: de Juan Santamaria a Frankling Chang El Ojo de Circe El libro que ya no se escribió Retrospectiva del lenguaje audiovisual  tComunidadesaCompletamente Inmaculada La ceremonia del mapache Sobre Cuentos de San Jose Oculto  tTrapicheaPoesia Cuento tADUANA tA la ticaaHomenaje a Francisco "Chico" Zuñiga 2Tesauro de Arte & ArquitecturaaLITERATURA 2Tesauro de Arte & ArquitecturaaNARRATIVA 2Tesauro de Arte & ArquitecturaaCUENTO 2Tesauro de Arte & ArquitecturaaPOESIA 2Tesauro de Arte & ArquitecturaaCOSTA RICA 2Tesauro de Arte & ArquitecturaaCULTURA aNavarreta, Jose Antonioeeditor